01468cam a22001815i 4500999001700000020001800017082001900035100002800054245009100082260002700173300001600200520084600216650002801062700002801090700002801118942001201146952012801158 c37640d37640 a9781526464507 a 001.42bREE-I1 aReeves, Julie,eauthor.10aInspiring collaboration and engagement /cJulie Reeves, Sue Starbuck and Alison Yeung. aLondon :bSage,c2020. axxii, 206p. aThis manual provides a framework to strategically think about and practice collaboration with others within and outside various disciplines. Aware of the different approaches in accordance with discipline, gender, and career goals, through case studies from lived experiences, the editors have compiled guidelines on: • How to start, build and maintain collaborative networks with diverse audiences, • The opportunities that exist internally and externally to networks, • How to resolve conflicts, overcome resistance, and build trust and confidence. With a wide scope in both content and reach, this book is a valuable resource for researchers, practitioners and their supporters alike, particularly those who are looking to engage with various audiences such as individuals, institutions, private companies, and governments.  a Group work in research1 aStarbuck, Sue,eauthor.1 aYeung, Alison,eauthor. 2ddccBK 00104070aNASSDOCbNASSDOCd2023-03-16eOverseasg0.00l0o001.42 REE-Ip53099r2023-04-25 00:00:00v0.00w2023-04-25yBK